Digitalizace bankovnictví je příležitost pre rychlé a odvážné. Klienti jsou připraveni

Otvorená schopnosť zákazníkov digitálne komunikovať s bankou predstavuje príležitosť k rozšíreniu ponuky smerom k sofistikovanejším operáciám a službám. Banky sa musia sústrediť na kvalitu zákazníckej skúsenosti, hľadať hranice legislatívne možného a užívateľsky akceptovateľného. Druhou výzvou v dig...

Descripción completa

Guardado en:
Detalles Bibliográficos
Autor principal: Soukeník, Jiří
Formato: Capítulo de libro
Lenguaje:checo
Materias:
Etiquetas: Agregar Etiqueta
Sin Etiquetas, Sea el primero en etiquetar este registro!

MARC

LEADER 00000naa a2200000 4500
001 0240711
005 20180227141304.9
041 0 |a cze 
044 |a CZ 
245 1 0 |a Digitalizace bankovnictví je příležitost pre rychlé a odvážné. Klienti jsou připraveni  |c Jiří Soukeník 
520 |a Otvorená schopnosť zákazníkov digitálne komunikovať s bankou predstavuje príležitosť k rozšíreniu ponuky smerom k sofistikovanejším operáciám a službám. Banky sa musia sústrediť na kvalitu zákazníckej skúsenosti, hľadať hranice legislatívne možného a užívateľsky akceptovateľného. Druhou výzvou v digitálnom on-line svete predstavuje nutná flexibilita. Najväčšie výzvy v prípade zavádzania čisto digitálnych produktov. 
610 2 0 |a bankovníctvo 
610 2 0 |a digitalizácia 
610 2 0 |a technológie informačné 
610 2 0 |a technológie komunikačné 
610 2 0 |a technológie nové 
100 1 |a Soukeník, Jiří